000 00337nam a22001337a 4500
020 _a0071444513
040 _cNUST
082 _a658.404 GON
100 _aGoncalves, Marcus
245 _aManaging Virtual Projects
260 _aNew York:
_bMcGraw-Hill,
_c2005.
650 _aFinancial Engineering Principles
_9113960
942 _2ddc
_cBK
999 _c595377
_d595377